Départements français ayant le plus de clubs de rugby professionnels - Statistiques

Statistiques générales
  • Ce quiz a été pris 59 fois
  • Le résultat moyen est 12 sur 15
Statistiques - réponses
Région Nombre de clubs Département % Correct
Nouvelle-Aquitaine 4 Gironde
94%
Occitanie 2 Haute-Garonne
90%
Auvergne-Rhône-Alpes 2 Rhône
88%
Occitanie 2 Hérault
82%
Nouvelle-Aquitaine 2 Landes
82%
Occitanie 2 Aude
80%
Nouvelle-Aquitaine 6 Pyrénées-Atlantiques
80%
Occitanie 3 Tarn
80%
Provence-Alpes-Côte d'Azur 2 Var
80%
Occitanie 2 Tarn-et-Garonne
76%
Occitanie 2 Gers
73%
Nouvelle-Aquitaine 2 Lot-et-Garonne
73%
Occitanie 2 Hautes-Pyrénées
71%
Auvergne-Rhône-Alpes 3 Isère
63%
Auvergne-Rhône-Alpes 2 Ain
59%
Aucun quiz correspondant
Distribution des résultats
% des personnes avec chaque résultat
Percentile par nombre de réponses
Votre historique - résultats
Vous n’avez pas pris ce quiz